| 000 | 00769nam a22002177a 4500 | ||
|---|---|---|---|
| 003 | OSt | ||
| 005 | 20260611151030.0 | ||
| 008 | 260611b |||||||| |||| 00| 0 eng d | ||
| 020 | _a1879639602 | ||
| 040 | _cChuka University | ||
| 050 | _aLB 2822.82 .D84 1998 | ||
| 100 |
_aDuFour Richard _928615 |
||
| 245 |
_aProfessional Learning Communities at Work _bBest practices for enhancing student achievement |
||
| 300 | _axi;319pp | ||
| 650 |
_aSchool improvement programs-- united states _928059 |
||
| 650 |
_aGroupwork in education--united states _928616 |
||
| 650 |
_aTeam learning approach in education-- united states _928617 |
||
| 650 |
_aEducational change--united states _928252 |
||
| 650 |
_aEducational leadership--united states _927697 |
||
| 942 |
_2lcc _cBK _n0 |
||
| 999 |
_c24006 _d24006 |
||